[Event "2MCRE_F"]
[Site "?"]
[Date "2003.??.??"]
[Round "?"]
[White "Brousek, Jiri"]
[Black "Pravec, Ladislav"]
[Result "0-1"]
[WhiteElo "2361"]
[BlackElo "2302"]
[PlyCount "142"]
[EventDate "2003.??.??"]
[EventType "corr"]
[SourceDate "2003.09.09"]

1. d4 Nf6 2. Nf3 g6 3. Nc3 d5 4. Bf4 Bg7 5. e3 O-O 6. Be2 c6 7. h4 h5 8. Qd2
Bg4 9. Ne5 Bxe2 10. Qxe2 Nbd7 11. O-O-O Nxe5 12. Bxe5 Nd7 13. Bxg7 Kxg7 14. g4
Rh8 15. e4 e6 16. Rdg1 hxg4 17. Rxg4 Nf6 18. Rg5 dxe4 19. h5 Kf8 20. Qe3 Rxh5
21. Rgxh5 Nxh5 22. Nxe4 Qd5 23. Kb1 Rd8 24. c3 Qf5 25. Ka1 Ke8 26. Nc5 b6 27.
Nd3 c5 28. Ne5 cxd4 29. cxd4 f6 30. Nf3 Rc8 31. Nd2 Kd7 32. f3 Rc6 33. Qa3 Qa5
34. Qe3 Kc8 35. Ne4 Kb7 36. Rd1 Qd5 37. Kb1 Qf5 38. Rh1 Rc7 39. Re1 a6 40. Rc1
Rxc1+ 41. Kxc1 Kc6 42. Qc3+ Kd7 43. Qd3 Qf4+ 44. Nd2 f5 45. Kb1 b5 46. Nb3 Qd6
47. Nc5+ Ke7 48. Qe3 Kf6 49. Nd3 g5 50. Kc2 Qd5 51. Kd2 a5 52. Kc2 Ng3 53. b3
b4 54. Kd1 f4 55. Qe5+ Kg6 56. Ke1 Qxe5+ 57. Nxe5+ Kh5 58. Nc6 Nf5 59. Kf2 Kh4
60. Kg2 Ne3+ 61. Kf2 Nc2 62. Kg2 Ne1+ 63. Kf2 Nd3+ 64. Kg2 g4 65. Nd8 e5 66.
dxe5 g3 67. Ne6 Kh5 68. Kf1 Kg6 69. Nd4 Nxe5 70. Ke2 Kf6 71. Ke1 Nd3+ 0-1

[Event "2MCRE_F"]
[Site "?"]
[Date "2003.??.??"]
[Round "?"]
[White "Priesol, Daniel"]
[Black "Postl, Rostislav"]
[Result "1/2-1/2"]
[WhiteElo "2304"]
[BlackElo "2251"]
[PlyCount "69"]
[EventDate "2003.??.??"]
[EventType "corr"]
[SourceDate "2003.09.09"]

1. d4 Nf6 2. c4 e6 3. Nc3 Bb4 4. e3 O-O 5. Bd3 d5 6. Nf3 c5 7. O-O Nc6 8. a3
Bxc3 9. bxc3 dxc4 10. Bxc4 Qc7 11. Bb5 Bd7 12. Rb1 Ne7 13. Bd3 c4 14. Bc2 Bc6
15. Ne5 Be4 16. f3 Bxc2 17. Qxc2 Nd7 18. Nxd7 Qxd7 19. e4 Rac8 20. Rb4 Nc6 21.
Qa4 Rfd8 22. Rxc4 a6 23. Rc5 b5 24. Qb3 Na5 25. Qb4 Rxc5 26. Qxc5 Nc4 27. Qb4
e5 28. d5 a5 29. Qb3 a4 30. Qb1 f5 31. Rd1 f4 32. Qb4 g5 33. Qb1 g4 34. Qd3
Qa7+ 35. Kf1 1/2-1/2

[Event "2MCRE_F"]
[Site "?"]
[Date "2003.??.??"]
[Round "?"]
[White "Prepiora, Vaclav"]
[Black "Hybl, Vladislav"]
[Result "1/2-1/2"]
[WhiteElo "2362"]
[BlackElo "2309"]
[PlyCount "59"]
[EventDate "2003.??.??"]
[EventType "corr"]
[SourceDate "2003.09.09"]

1. e4 e5 2. Nf3 Nc6 3. d4 exd4 4. Nxd4 Bc5 5. Nb3 Bb6 6. Nc3 Qf6 7. Qe2 Nge7 8.
Be3 O-O 9. Qf3 Qxf3 10. gxf3 Bxe3 11. fxe3 a6 12. Nd5 Nxd5 13. exd5 Ne5 14. Be2
d6 15. Nd4 Bd7 16. c4 f5 17. f4 Ng4 18. Bxg4 fxg4 19. Kd2 Rae8 20. Rhf1 Rf6 21.
b4 Rh6 22. Rf2 Rh3 23. Re1 c6 24. dxc6 bxc6 25. c5 dxc5 26. bxc5 Rh5 27. Rc1
Rd5 28. Rc3 g5 29. Kd3 gxf4 30. Rxf4 1/2-1/2

[Event "2MCRE_F"]
[Site "?"]
[Date "2003.??.??"]
[Round "?"]
[White "Kohler, Josef"]
[Black "Prepiora, Vaclav"]
[Result "0-1"]
[WhiteElo "2256"]
[BlackElo "2362"]
[PlyCount "101"]
[EventDate "2003.??.??"]
[EventType "corr"]
[SourceDate "2003.09.09"]

1. c4 Nf6 2. Nf3 g6 3. Nc3 d5 4. d4 Bg7 5. e3 O-O 6. Be2 c5 7. O-O cxd4 8. exd4
Nc6 9. h3 dxc4 10. Bxc4 a6 11. Bg5 b5 12. Bxf6 Bxf6 13. Bd5 Bb7 14. Ne5 Rc8 15.
Re1 e6 16. Bxc6 Bxc6 17. Qg4 Bg7 18. Rac1 Bb7 19. a3 Qd6 20. Rcd1 Rfd8 21. Re2
Qe7 22. Qf4 Ba8 23. Ree1 a5 24. Rc1 b4 25. Ne2 bxa3 26. bxa3 a4 27. Rxc8 Rxc8
28. Rc1 Rxc1+ 29. Qxc1 Bf8 30. Nc3 Qc7 31. Qf4 Bc6 32. Qc1 Qb7 33. f3 f6 34.
Ng4 Be7 35. Kf2 Qb6 36. Ne2 Be8 37. g3 Qc6 38. Qf4 g5 39. Qe3 h5 40. Nh2 Qd6
41. f4 gxf4 42. gxf4 Bf7 43. Nf1 Qxa3 44. Qxa3 Bxa3 45. Nc3 Be8 46. Ke2 Bd6 47.
Kd3 h4 48. Nd2 a3 49. Nde4 Be7 50. Nc5 e5 51. fxe5 0-1

[Event "2MCRE_F"]
[Site "?"]
[Date "2003.??.??"]
[Round "?"]
[White "Prepiora, Vaclav"]
[Black "Koci, Vladimir"]
[Result "1-0"]
[WhiteElo "2362"]
[BlackElo "2243"]
[PlyCount "57"]
[EventDate "2003.??.??"]
[EventType "corr"]
[SourceDate "2003.09.09"]

1. e4 g6 2. d4 Bg7 3. Nc3 d6 4. f4 c6 5. Nf3 b5 6. a3 Nd7 7. Bd3 Qc7 8. O-O Nb6
9. Qe1 Bd7 10. f5 d5 11. exd5 Nxd5 12. Ne5 Ngf6 13. Nxd7 Qxd7 14. Nxd5 Nxd5 15.
c3 e6 16. Bg5 f6 17. Bd2 Qd6 18. a4 b4 19. Rf2 bxc3 20. bxc3 gxf5 21. Bxf5 Kf7
22. Bg4 h5 23. Bf3 a5 24. Rb1 Qd7 25. Qe2 h4 26. Bh5+ Kf8 27. Re1 f5 28. Bg6
Bh6 29. Qe5 1-0

[Event "2MCRE_F"]
[Site "?"]
[Date "2003.??.??"]
[Round "?"]
[White "Thoma, Otomar"]
[Black "Privoznik, Lubos"]
[Result "0-1"]
[WhiteElo "2206"]
[BlackElo "2249"]
[PlyCount "60"]
[EventDate "2003.??.??"]
[EventType "corr"]
[SourceDate "2003.09.09"]

1. d4 Nf6 2. Nf3 e6 3. Bg5 h6 4. Bh4 c5 5. e3 cxd4 6. exd4 Qb6 7. b3 Nc6 8. c3
d5 9. Bd3 Nh5 10. O-O Bd6 11. Nbd2 Nf4 12. Qc2 Bd7 13. Bg3 Rc8 14. a3 g5 15. h3
h5 16. Bxf4 Bxf4 17. g3 Bd6 18. Nxg5 Nxd4 19. Qb2 Nc6 20. Kg2 Ne5 21. c4 Rg8
22. cxd5 Rxg5 23. Ne4 Rg6 24. Nxd6+ Qxd6 25. Bxg6 Qxd5+ 26. f3 Nxg6 27. Rad1
Qf5 28. Rc1 Rxc1 29. Qxc1 e5 30. Rh1 h4 0-1

[Event "2MCRE_F"]
[Site "?"]
[Date "2003.??.??"]
[Round "?"]
[White "Postl, Rostislav"]
[Black "Alexa, Jaroslav"]
[Result "1/2-1/2"]
[WhiteElo "2251"]
[BlackElo "2362"]
[PlyCount "57"]
[EventDate "2003.??.??"]
[EventType "corr"]
[SourceDate "2003.09.09"]

1. d4 Nf6 2. c4 e6 3. Nf3 b6 4. g3 Bb7 5. Bg2 Be7 6. O-O O-O 7. Nc3 Ne4 8. Nxe4
Bxe4 9. Bf4 d6 10. Qd2 Nd7 11. Rfd1 Nf6 12. Rac1 Qc8 13. Ne1 Bxg2 14. Nxg2 c5
15. dxc5 dxc5 16. Qe3 Qa6 17. Qb3 Rad8 18. a3 Qb7 19. Qf3 Ne4 20. Be5 f6 21.
Bc3 Bd6 22. Qe3 Rfe8 23. b3 a6 24. Rd3 Nxc3 25. Rcxc3 Qc6 26. Rd2 Be5 27. Rxd8
Rxd8 28. Rd3 Rb8 29. Nh4 1/2-1/2

[Event "2MCRE_F"]
[Site "?"]
[Date "2003.??.??"]
[Round "?"]
[White "Sykora, Josef"]
[Black "Kohler, Josef"]
[Result "1-0"]
[WhiteElo "2365"]
[BlackElo "2256"]
[PlyCount "95"]
[EventDate "2003.??.??"]
[EventType "corr"]
[SourceDate "2003.09.09"]

1. c4 e5 2. Nc3 Nf6 3. Nf3 Nc6 4. g3 Bb4 5. Bg2 O-O 6. O-O e4 7. Ng5 Bxc3 8.
bxc3 Re8 9. f3 exf3 10. Nxf3 d5 11. d4 Ne4 12. Qc2 Bf5 13. Nh4 Bg6 14. Nxg6
hxg6 15. cxd5 Qxd5 16. Rf4 f5 17. Bxe4 fxe4 18. Rg4 Qe6 19. Rg5 Rad8 20. Bf4
Rd7 21. Rd1 Red8 22. e3 b6 23. a3 Rd5 24. Rxd5 Qxd5 25. c4 Qh5 26. Rf1 Re8 27.
Bxc7 Rc8 28. Bd6 Qg4 29. c5 Qe6 30. Rf4 bxc5 31. Bxc5 Re8 32. Qe2 g5 33. Rf1
Rc8 34. Qf2 Na5 35. Bxa7 Nb3 36. Qb2 Qc4 37. Rb1 Nc1 38. Bc5 Nd3 39. Qb3 Qf7
40. h4 gxh4 41. gxh4 Nxc5 42. Qxf7+ Kxf7 43. Rc1 Rh8 44. Rxc5 Rxh4 45. Re5 Rh3
46. Rxe4 Rh8 47. a4 Ra8 48. d5 1-0

[Event "2MCRE_F"]
[Site "?"]
[Date "2003.??.??"]
[Round "?"]
[White "Alexa, Jaroslav"]
[Black "Firla, Stanislav"]
[Result "1-0"]
[WhiteElo "2362"]
[BlackElo "2344"]
[PlyCount "63"]
[EventDate "2003.??.??"]
[EventType "corr"]
[SourceDate "2003.09.09"]

1. d4 Nf6 2. c4 g6 3. Nc3 Bg7 4. e4 d6 5. f3 O-O 6. Be3 a6 7. Qd2 Nbd7 8. Nge2
c5 9. Rd1 b6 10. Nc1 Bb7 11. d5 Qc7 12. Be2 Rfb8 13. O-O Bc8 14. a4 Ne5 15. Bh6
Bh8 16. Nb3 b5 17. cxb5 axb5 18. axb5 Ne8 19. Ra1 f5 20. Ra3 Bd7 21. exf5 gxf5
22. Rfa1 Rxa3 23. Rxa3 Ng6 24. Na5 Bd4+ 25. Kf1 Qd8 26. Nc6 Bxc6 27. dxc6 d5
28. Ra7 Qd6 29. g3 Qe6 30. c7 Rc8 31. Ra6 Nd6 32. b6 1-0

[Event "2MCRE_F"]
[Site "?"]
[Date "2003.??.??"]
[Round "?"]
[White "Pravec, Ladislav"]
[Black "Thoma, Otomar"]
[Result "1-0"]
[WhiteElo "2302"]
[BlackElo "2206"]
[PlyCount "73"]
[EventDate "2003.??.??"]
[EventType "corr"]
[SourceDate "2003.09.09"]

1. d4 Nf6 2. c4 e6 3. Nf3 b6 4. g3 Bb7 5. Bg2 Be7 6. O-O O-O 7. b3 d5 8. Ne5 c5
9. Nc3 Nc6 10. Nxc6 Bxc6 11. Bb2 Qd7 12. cxd5 exd5 13. Rc1 Rac8 14. e3 Rfe8 15.
dxc5 bxc5 16. Ne2 Ne4 17. Nf4 Rcd8 18. Qc2 Qb7 19. Nd3 Bb5 20. Rfd1 Bxd3 21.
Rxd3 h6 22. Rcd1 Qc6 23. Ba3 Qa6 24. Bxe4 dxe4 25. Rxd8 Bxd8 26. Bxc5 Qc8 27.
b4 Bb6 28. Rd4 Qe6 29. a4 Bxc5 30. bxc5 Qc6 31. Qc4 Qc7 32. Rd5 Re7 33. Qd4 f6
34. Rd6 Re5 35. c6 Kh7 36. h4 Re8 37. Qc5 1-0

[Event "2MCRE_F"]
[Site "?"]
[Date "2003.??.??"]
[Round "?"]
[White "Brousek, Jiri"]
[Black "Koci, Vladimir"]
[Result "1/2-1/2"]
[WhiteElo "2361"]
[BlackElo "2243"]
[PlyCount "85"]
[EventDate "2003.??.??"]
[EventType "corr"]
[SourceDate "2003.09.09"]

1. d4 Nf6 2. Nf3 d5 3. e3 e6 4. Bd3 c5 5. b3 Nc6 6. O-O Bd6 7. Bb2 cxd4 8. exd4
O-O 9. a3 b6 10. Ne5 Bb7 11. f4 Ne4 12. Nd2 f6 13. Ng4 f5 14. Ne5 Rc8 15. Ndf3
h6 16. Qe2 g5 17. Nxc6 Bxc6 18. Ne5 Qf6 19. Rae1 g4 20. Bxe4 dxe4 21. c4 Qd8
22. Qe3 Kh7 23. Rd1 Qe7 24. a4 Bb7 25. Bc3 a6 26. Be1 b5 27. Bd2 Rg8 28. axb5
axb5 29. Ra1 Ra8 30. Rfc1 Rxa1 31. Rxa1 Ra8 32. Rxa8 Bxa8 33. h3 gxh3 34. Qxh3
bxc4 35. bxc4 Qe8 36. Be3 Bb7 37. Kf2 Bxe5 38. fxe5 Qf8 39. Bf4 Ba6 40. Qb3 Qe7
41. Ke3 Qg7 42. Qa4 Qxg2 43. Qd7+ 1/2-1/2

[Event "2MCRE_F"]
[Site "?"]
[Date "2003.??.??"]
[Round "?"]
[White "Thoma, Otomar"]
[Black "Prepiora, Vaclav"]
[Result "0-1"]
[WhiteElo "2206"]
[BlackElo "2362"]
[PlyCount "90"]
[EventDate "2003.??.??"]
[EventType "corr"]
[SourceDate "2003.09.09"]

1. e4 c5 2. Nf3 d6 3. d4 cxd4 4. Nxd4 Nf6 5. Nc3 Nc6 6. Bg5 e6 7. Qd2 a6 8.
O-O-O h6 9. Be3 Be7 10. f4 Nxd4 11. Bxd4 b5 12. Be2 b4 13. Na4 Rb8 14. Bxf6
gxf6 15. b3 Qa5 16. c3 f5 17. exf5 Qxf5 18. cxb4 d5 19. Nc5 a5 20. g4 Qf6 21.
Kb1 axb4 22. Qe3 Bd6 23. Rhf1 O-O 24. g5 hxg5 25. fxg5 Qe5 26. Qxe5 Bxe5 27. h4
Rb6 28. h5 f5 29. Nd3 Bd6 30. Bf3 Kh7 31. Rfe1 Rc6 32. g6+ Kh6 33. Rc1 Rxc1+
34. Kxc1 Bd7 35. Ne5 Bxe5 36. Rxe5 Rc8+ 37. Kd1 Rc3 38. Ke2 Kg7 39. Re3 Kf6 40.
a4 d4 41. Rd3 e5 42. Bd5 f4 43. Rxc3 bxc3 44. Be4 f3+ 45. Bxf3 Bf5 0-1

[Event "2MCRE_F"]
[Site "?"]
[Date "2003.??.??"]
[Round "?"]
[White "Priesol, Daniel"]
[Black "Prepiora, Vaclav"]
[Result "0-1"]
[WhiteElo "2304"]
[BlackElo "2362"]
[PlyCount "70"]
[EventDate "2003.??.??"]
[EventType "corr"]
[SourceDate "2003.09.09"]

1. e4 c5 2. Nf3 d6 3. d4 cxd4 4. Nxd4 Nf6 5. Nc3 Nc6 6. Be3 Ng4 7. Bg5 h6 8.
Bh4 g5 9. Bg3 Bg7 10. Nb3 Be6 11. Qd2 Rc8 12. f3 Nge5 13. Nd5 a6 14. c4 a5 15.
Bf2 a4 16. Nd4 Nxd4 17. Bxd4 O-O 18. h4 g4 19. Bxe5 dxe5 20. Qb4 Bxd5 21. Rd1
e6 22. Be2 Qf6 23. cxd5 exd5 24. exd5 e4 25. fxe4 Qf4 26. Rf1 Qg3+ 27. Rf2 f5
28. e5 Bxe5 29. d6 Qxh4 30. d7 Rcd8 31. Bc4+ Kh8 32. Rd3 g3 33. Rf1 Qe4+ 34.
Kd1 Qxg2 35. Rd2 Qe4 0-1

[Event "2MCRE_F"]
[Site "?"]
[Date "2003.??.??"]
[Round "?"]
[White "Koci, Vladimir"]
[Black "Pravec, Ladislav"]
[Result "0-1"]
[WhiteElo "2243"]
[BlackElo "2302"]
[PlyCount "68"]
[EventDate "2003.??.??"]
[EventType "corr"]
[SourceDate "2003.09.09"]

1. d4 Nf6 2. Nf3 g6 3. Bf4 Bg7 4. e3 d6 5. Nbd2 O-O 6. c3 Nbd7 7. Be2 Re8 8.
O-O e5 9. dxe5 Nxe5 10. Bg5 Nxf3+ 11. Bxf3 h6 12. Bh4 d5 13. Re1 c6 14. c4 dxc4
15. Nxc4 Qxd1 16. Rexd1 Be6 17. Be2 g5 18. Bg3 Ne4 19. Rab1 Rad8 20. Na5 Bxa2
21. Nxb7 Nxg3 22. hxg3 Rb8 23. Nd6 Red8 24. Rbc1 Rxb2 25. Nf5 Rxd1+ 26. Bxd1 c5
27. Bc2 c4 28. Be4 Rd2 29. Bd5 Bb2 30. Rf1 a5 31. e4 a4 32. Ne3 a3 33. Bxc4
Bxc4 34. Nxc4 Re2 0-1

[Event "2MCRE_F"]
[Site "?"]
[Date "2003.??.??"]
[Round "?"]
[White "Kohler, Josef"]
[Black "Firla, Stanislav"]
[Result "0-1"]
[WhiteElo "2256"]
[BlackElo "2344"]
[PlyCount "66"]
[EventDate "2003.??.??"]
[EventType "corr"]
[SourceDate "2003.09.09"]

1. c4 e5 2. Nc3 Nc6 3. g3 g6 4. Bg2 Bg7 5. e3 d6 6. Nge2 h5 7. d4 h4 8. d5 Nb8
9. e4 Nd7 10. Qa4 Bh6 11. Bxh6 Nxh6 12. h3 hxg3 13. fxg3 Qg5 14. Rc1 a6 15. c5
O-O 16. cxd6 cxd6 17. Qa3 Nc5 18. Na4 Nxa4 19. Qxa4 f5 20. Qa3 Qd8 21. Qe3 f4
22. Qa3 Nf7 23. h4 Bg4 24. Bf3 Bxf3 25. Qxf3 Qa5+ 26. Nc3 Nh6 27. Rc2 Rac8 28.
Rg2 Kh7 29. a3 Qb6 30. g4 Nf7 31. g5 Kg7 32. h5 Rh8 33. hxg6 Rxh1+ 0-1

[Event "2MCRE_F"]
[Site "?"]
[Date "2003.??.??"]
[Round "?"]
[White "Firla, Stanislav"]
[Black "Prepiora, Vaclav"]
[Result "1/2-1/2"]
[WhiteElo "2344"]
[BlackElo "2362"]
[PlyCount "86"]
[EventDate "2003.??.??"]
[EventType "corr"]
[SourceDate "2003.09.09"]

1. d4 Nf6 2. c4 g6 3. Nc3 d5 4. cxd5 Nxd5 5. e4 Nxc3 6. bxc3 Bg7 7. Bc4 c5 8.
Ne2 Nc6 9. Be3 O-O 10. Rc1 cxd4 11. cxd4 Qa5+ 12. Kf1 Qa3 13. Qb3 Qd6 14. e5
Qd8 15. Bd3 Be6 16. Qxb7 Nxe5 17. Be4 Rc8 18. Rxc8 Bxc8 19. Qxa7 Ng4 20. Bg5
Nf6 21. Bf3 e5 22. h3 h6 23. Bxf6 Bxf6 24. g3 exd4 25. Kg2 Qd6 26. Rd1 Rd8 27.
Nf4 Bd7 28. Nd5 Be5 29. Rb1 Qe6 30. g4 Kg7 31. Qb6 Rc8 32. Qxe6 Bxe6 33. a4 Rc4
34. a5 Bxd5 35. Bxd5 Rc5 36. Be4 Rxa5 37. Rb7 Rc5 38. Rd7 Kf8 39. Rd5 Rxd5 40.
Bxd5 d3 41. Kf3 d2 42. Bb3 g5 43. Ke3 Bf4+ 1/2-1/2

[Event "2MCRE_F"]
[Site "?"]
[Date "2003.??.??"]
[Round "?"]
[White "Alexa, Jaroslav"]
[Black "Kohler, Josef"]
[Result "1-0"]
[WhiteElo "2362"]
[BlackElo "2256"]
[PlyCount "97"]
[EventDate "2003.??.??"]
[EventType "corr"]
[SourceDate "2003.09.09"]

1. d4 Nf6 2. c4 e6 3. Nc3 Bb4 4. Qc2 O-O 5. a3 Bxc3+ 6. Qxc3 b6 7. Bg5 Bb7 8.
f3 h6 9. Bh4 d5 10. e3 Nbd7 11. cxd5 Nxd5 12. Bxd8 Nxc3 13. Bh4 Nd5 14. Bf2 f5
15. Bb5 c6 16. Bd3 e5 17. Ne2 Rae8 18. O-O e4 19. fxe4 fxe4 20. Bc4 N7f6 21. h3
g5 22. Rac1 Kg7 23. Nc3 Kg6 24. Nxd5 Nxd5 25. Rfe1 h5 26. Bg3 Rc8 27. b4 Rfd8
28. Be5 h4 29. Bb3 Ba6 30. Kh2 Bd3 31. Ba4 Ne7 32. Rc3 Kf5 33. Rec1 Bb5 34. Bb3
Nd5 35. R3c2 Nxe3 36. Rf2+ Kg6 37. Rf6+ Kh7 38. a4 Bd3 39. Be6 Rf8 40. Bxc8
Rxc8 41. b5 c5 42. dxc5 Nc4 43. cxb6 axb6 44. Bd4 Ra8 45. Bxb6 e3 46. a5 g4 47.
hxg4 e2 48. a6 e1=R 49. Rxe1 1-0

[Event "2MCRE_F"]
[Site "?"]
[Date "2003.??.??"]
[Round "?"]
[White "Postl, Rostislav"]
[Black "Hybl, Vladislav"]
[Result "1/2-1/2"]
[WhiteElo "2251"]
[BlackElo "2309"]
[PlyCount "84"]
[EventDate "2003.??.??"]
[EventType "corr"]
[SourceDate "2003.09.09"]

1. d4 Nf6 2. c4 g6 3. Nc3 d6 4. e4 Bg7 5. Nf3 O-O 6. Be2 e5 7. O-O Nc6 8. d5
Ne7 9. Ne1 Nd7 10. Nd3 f5 11. f3 f4 12. Nf2 g5 13. b3 Nf6 14. Bb2 b6 15. b4 a5
16. a3 axb4 17. axb4 Rxa1 18. Bxa1 Bd7 19. c5 bxc5 20. bxc5 h5 21. c6 Bc8 22.
Kh1 Kh7 23. Bb2 Neg8 24. Qd2 g4 25. Ra1 g3 26. Nfd1 Ng4 27. h3 Qh4 28. Ba6 N8h6
29. Nb5 Bxa6 30. Rxa6 Nf2+ 31. Kg1 Rb8 32. Nxc7 Nxd1 33. Qxd1 Rxb2 34. Ne6 Ng4
35. Qc1 Rf2 36. Rb6 Ne3 37. Rb2 Nxg2 38. c7 Ne1 39. Qxe1 Rxb2 40. c8=Q Rh2 41.
Ng5+ Qxg5 42. Qb4 Re2 1/2-1/2

[Event "2MCRE_F"]
[Site "?"]
[Date "2003.??.??"]
[Round "?"]
[White "Hybl, Vladislav"]
[Black "Sykora, Josef"]
[Result "1/2-1/2"]
[WhiteElo "2309"]
[BlackElo "2365"]
[PlyCount "51"]
[EventDate "2003.??.??"]
[EventType "corr"]
[SourceDate "2003.09.09"]

1. e4 c6 2. d4 d5 3. exd5 cxd5 4. c3 Nc6 5. Bd3 Nf6 6. Bf4 Bg4 7. Qb3 Qc8 8.
Nd2 e6 9. Ngf3 Be7 10. O-O Bh5 11. Rfe1 O-O 12. Ne5 Nxe5 13. Bxe5 Bg6 14. Bxg6
hxg6 15. a4 Qc6 16. h3 Rfc8 17. Qb5 Nd7 18. Bf4 a5 19. Qe2 Ra6 20. Nf3 Rb6 21.
h4 Bd6 22. Bxd6 Qxd6 23. g3 Qc7 24. Kg2 Qd8 25. Qc2 Qf6 26. Qd2 1/2-1/2

[Event "2MCRE_F"]
[Site "?"]
[Date "2003.??.??"]
[Round "?"]
[White "Sykora, Josef"]
[Black "Priesol, Daniel"]
[Result "1-0"]
[WhiteElo "2365"]
[BlackElo "2304"]
[PlyCount "59"]
[EventDate "2003.??.??"]
[EventType "corr"]
[SourceDate "2003.09.09"]

1. c4 Nf6 2. Nf3 e6 3. g3 a6 4. Bg2 d5 5. b3 d4 6. O-O c5 7. d3 Nc6 8. a3 a5 9.
e4 h6 10. a4 e5 11. Na3 Bg4 12. Nb5 Be7 13. h3 Be6 14. Nh4 Qd7 15. Nf5 O-O 16.
Nxe7+ Nxe7 17. Kh2 Ne8 18. f4 f6 19. f5 Bf7 20. Bf3 Nc6 21. g4 Nb4 22. h4 Ra6
23. Qe2 Nd6 24. g5 hxg5 25. hxg5 g6 26. gxf6 Nxb5 27. axb5 Rxf6 28. Bg4 Qc7 29.
Bg5 Rd6 30. Qg2 1-0

[Event "2MCRE_F"]
[Site "?"]
[Date "2003.??.??"]
[Round "?"]
[White "Priesol, Daniel"]
[Black "Brousek, Jiri"]
[Result "1/2-1/2"]
[WhiteElo "2304"]
[BlackElo "2361"]
[PlyCount "79"]
[EventDate "2003.??.??"]
[EventType "corr"]
[SourceDate "2003.09.09"]

1. e4 e6 2. d4 d5 3. Nc3 dxe4 4. Nxe4 Bd7 5. Nf3 Bc6 6. Bd3 Nd7 7. O-O Ngf6 8.
Ng3 Be7 9. b3 h5 10. Qe2 h4 11. Ne4 h3 12. g3 Nxe4 13. Bxe4 Bxe4 14. Qxe4 c6
15. c4 Qa5 16. Bb2 O-O-O 17. Rfd1 Nf6 18. Qe3 Qf5 19. a3 Bd6 20. Re1 Rd7 21.
Rad1 Rhd8 22. Qd3 Qh5 23. b4 Bc7 24. Qe2 Qf5 25. a4 g5 26. Qd3 Qxd3 27. Rxd3 g4
28. Ne5 Bxe5 29. Rxe5 Rc7 30. f3 Nd7 31. Rh5 Nb6 32. c5 Nc4 33. Bc1 Rcd7 34.
fxg4 Rxd4 35. Rxd4 Rxd4 36. Kf2 Rd1 37. Bg5 Rd5 38. Be3 Rd3 39. Bg5 Rd5 40. Be3
1/2-1/2

[Event "2MCRE_F"]
[Site "?"]
[Date "2003.??.??"]
[Round "?"]
[White "Alexa, Jaroslav"]
[Black "Priesol, Daniel"]
[Result "1-0"]
[WhiteElo "2362"]
[BlackElo "2304"]
[PlyCount "61"]
[EventDate "2003.??.??"]
[EventType "corr"]
[SourceDate "2003.09.09"]

1. d4 Nf6 2. c4 e6 3. Nf3 d5 4. Nc3 Be7 5. Bg5 h6 6. Bh4 O-O 7. e3 b6 8. Be2
Bb7 9. Bxf6 Bxf6 10. cxd5 exd5 11. b4 c6 12. O-O Re8 13. Qb3 a5 14. a3 Nd7 15.
b5 c5 16. Nxd5 Bxd4 17. exd4 Rxe2 18. Rfe1 a4 19. Qc4 Rxe1+ 20. Rxe1 Kf8 21. h3
Bxd5 22. Qxd5 cxd4 23. Nxd4 Nf6 24. Qc4 Qd5 25. Qc6 Rb8 26. Qc7 Qd8 27. Qf4 Ra8
28. Nf5 Qd7 29. Re7 Qd8 30. Rb7 Rc8 31. Qxa4 1-0

[Event "2MCRE_F"]
[Site "?"]
[Date "2003.??.??"]
[Round "?"]
[White "Hybl, Vladislav"]
[Black "Thoma, Otomar"]
[Result "1/2-1/2"]
[WhiteElo "2309"]
[BlackElo "2206"]
[PlyCount "62"]
[EventDate "2003.??.??"]
[EventType "corr"]
[SourceDate "2003.09.09"]

1. f4 d5 2. Nf3 g6 3. e3 Bg7 4. d4 Nh6 5. c4 c6 6. Nc3 O-O 7. Qc2 Na6 8. Bd2
Nc7 9. c5 b6 10. Bd3 bxc5 11. dxc5 Bf5 12. Bxf5 Nxf5 13. g4 d4 14. gxf5 dxc3
15. Bxc3 Qd5 16. Kf2 Bxc3 17. Qxc3 Qxf5 18. Rad1 Nd5 19. Qd3 Qh5 20. Rhg1 Rab8
21. b3 Rbd8 22. Qc4 Nf6 23. Rg5 Qh3 24. Rdg1 Rd5 25. Ke2 Rfd8 26. Rxd5 Rxd5 27.
e4 Rd8 28. f5 Qh6 29. Qc1 Qxc1 30. Rxc1 Nxe4 31. fxg6 hxg6 1/2-1/2

[Event "2MCRE_F"]
[Site "?"]
[Date "2003.??.??"]
[Round "?"]
[White "Privoznik, Lubos"]
[Black "Pytlik, Lesek"]
[Result "1/2-1/2"]
[WhiteElo "2249"]
[BlackElo "2316"]
[PlyCount "80"]
[EventDate "2003.??.??"]
[EventType "corr"]
[SourceDate "2003.09.09"]

1. Nf3 Nf6 2. c4 e6 3. Nc3 Bb4 4. Qb3 c5 5. a3 Ba5 6. g3 Nc6 7. Bg2 O-O 8. O-O
d5 9. d3 Nd4 10. Nxd4 cxd4 11. Na4 Rb8 12. e3 dxe3 13. Bxe3 d4 14. Bg5 h6 15.
Bxf6 Qxf6 16. Nc5 Qe5 17. Ne4 Rd8 18. Qd1 Qf5 19. b4 Bc7 20. f4 a5 21. Qe2 b6
22. Rab1 Bd7 23. Nd2 Bd6 24. Nf3 Qf6 25. Ne5 Qe7 26. Nxd7 Rxd7 27. f5 axb4 28.
fxe6 Qxe6 29. Qxe6 fxe6 30. axb4 Ra7 31. Bh3 Re8 32. Rfc1 Ra3 33. c5 bxc5 34.
bxc5 Bc7 35. Re1 Kf7 36. Rb7 Re7 37. c6 Kf6 38. Rxe6+ Rxe6 39. Bxe6 Kxe6 40.
Rxc7 g5 1/2-1/2

[Event "2MCRE_F"]
[Site "?"]
[Date "2003.??.??"]
[Round "?"]
[White "Vozda, Jindrich"]
[Black "Alexa, Jaroslav"]
[Result "1/2-1/2"]
[WhiteElo "2494"]
[BlackElo "2362"]
[PlyCount "58"]
[EventDate "2003.??.??"]
[EventType "corr"]
[SourceDate "2003.09.09"]

1. e4 c5 2. Nf3 d6 3. d4 cxd4 4. Nxd4 Nf6 5. Nc3 a6 6. Be2 e5 7. Nb3 Be7 8. O-O
Be6 9. f4 Qc7 10. f5 Bc4 11. a4 O-O 12. Bg5 Nbd7 13. Bxc4 Qxc4 14. a5 Rfc8 15.
Rf3 h6 16. Ra4 Qc6 17. Bh4 b5 18. axb6 Nxb6 19. Ra1 Nbd7 20. Kh1 Bd8 21. Ra4
Rab8 22. Rd3 Bc7 23. Qa1 a5 24. Qa3 Rb4 25. Nxa5 Bxa5 26. Rxb4 Bxb4 27. Qxb4
Rb8 28. Qxd6 Qxd6 29. Rxd6 Rxb2 1/2-1/2

[Event "2MCRE_F"]
[Site "?"]
[Date "2003.??.??"]
[Round "?"]
[White "Privoznik, Lubos"]
[Black "Prepiora, Vaclav"]
[Result "1/2-1/2"]
[WhiteElo "2249"]
[BlackElo "2362"]
[PlyCount "78"]
[EventDate "2003.??.??"]
[EventType "corr"]
[SourceDate "2003.09.09"]

1. Nf3 Nf6 2. c4 g6 3. g3 Bg7 4. d4 d5 5. Bg2 c6 6. O-O dxc4 7. Nc3 O-O 8. e4
Bg4 9. h3 Bxf3 10. Bxf3 e5 11. dxe5 Nfd7 12. e6 fxe6 13. Be2 b5 14. Qd6 Re8 15.
a4 Bf8 16. Qf4 b4 17. Nd1 c5 18. Ne3 c3 19. bxc3 bxc3 20. Nd1 Bg7 21. Ra3 Nc6
22. Nxc3 Nde5 23. Qe3 Nd4 24. Ra2 Rb8 25. Kg2 Rb3 26. Bd1 Nc4 27. Qd3 Ne5 28.
Qe3 Rb4 29. Nb5 Qb6 30. f4 Nc4 31. Qd3 Rd8 32. Nxd4 Rxd4 33. Qc2 Nd6 34. a5 Qc6
35. Bf3 Nxe4 36. Qe2 Qd6 37. Rc2 e5 38. Qe1 Qe6 39. Re2 Nd6 1/2-1/2

[Event "2MCRE_F"]
[Site "?"]
[Date "2003.??.??"]
[Round "?"]
[White "Brousek, Jiri"]
[Black "Vozda, Jindrich"]
[Result "1/2-1/2"]
[WhiteElo "2361"]
[BlackElo "2494"]
[PlyCount "89"]
[EventDate "2003.??.??"]
[EventType "corr"]
[SourceDate "2003.09.09"]

1. d4 e6 2. Nf3 Nf6 3. Bg5 h6 4. Bf4 c5 5. c3 Nc6 6. e3 Nh5 7. d5 exd5 8. Qxd5
Nxf4 9. exf4 d6 10. Bb5 Qe7+ 11. Kd1 Qc7 12. Re1+ Be7 13. Nbd2 Be6 14. Qd3 O-O
15. Ba4 Qc8 16. Bc2 g6 17. h4 Bg4 18. Bb3 Bf5 19. Qd5 Kg7 20. h5 Qd7 21. Kc1
Rad8 22. Bc2 Bg4 23. hxg6 fxg6 24. g3 Bf5 25. Nb3 b5 26. Bxf5 Rxf5 27. Qe4 d5
28. Qe2 a6 29. a4 Rf6 30. axb5 axb5 31. Qxb5 Rb8 32. Ne5 Qc7 33. Nxc6 Rxb5 34.
Rxe7+ Qxe7 35. Nxe7 Rxb3 36. Nxd5 Rf7 37. Kc2 Rb8 38. Ra5 Rfb7 39. b4 cxb4 40.
Nxb4 Rc8 41. Nd5 Rc6 42. Ne3 h5 43. c4 Rcb6 44. Ra2 Rb3 45. Nd5 1/2-1/2